Biblioteca y Centro de Documentación

Impuesto sobre transmisiones patrimoniales y actos jurídicos documentados (Registro nro. 53290)

Detalles MARC
000 -CABECERA
Longitud fija campo de control 02044nam a2200421 c 4500
001 - NÚMERO DE CONTROL
Número de control 53290
003 - IDENTIFICADOR DE NÚMERO DE CONTROL
Identificador del número de control ES-MaCES
005 - FECHA Y HORA DE LA ÚLTIMA TRANSACCIÓN
Fecha y hora de la última transacción 20250203133055.0
008 - CAMPO FIJO DE DESCRIPCIÓN FIJA--INFORMACIÓN GENERAL
Códigos de información de longitud fija   240730s2023 sp l o000 | spa d
017 ## - NÚMERO DE REGISTRO DE DERECHOS DE AUTOR Y DEPÓSITO LEGAL
Número de copyright o de depósito legal M 3082-2002
Agencia que asigna el número DL
020 ## - ISBN (INTERNATIONAL STANDARD BOOK NUMBER)
Número Internacional Normalizado para Libros (ISBN) 978844761170-6
024 7# - OTROS IDENTIFICADORES
Número normalizado o código 137-23-026-4
Fuente del número o código nipo MINHAFP
024 7# - OTROS IDENTIFICADORES
Número normalizado o código 094-23-016-2
Fuente del número o código nipo MINECO
040 ## - FUENTE DE CATALOGACIÓN
Centro catalogador de origen ES-MaCES
Lengua de catalogación spa
Centro transcriptor ES-MaCES
110 1# - ENCABEZAMIENTO PRINCIPAL--NOMBRE CORPORATIVO
Nombre de entidad corporativa o nombre de jurisdicción como elemento inicial España
Título de la obra Ley del Impuesto sobre transmisiones patrimoniales y actos jurídicos documentados
Nombre de parte o sección de la obra Texto refundido, 1993
9 (RLIN) 2965
245 10 - MENCIÓN DE TÍTULO
Título Impuesto sobre transmisiones patrimoniales y actos jurídicos documentados
Resto del título : (act. marzo 2023)
250 ## - MENCIÓN DE EDICIÓN
Mención de edición 4ª ed
260 ## - PUBLICACIÓN, DISTRIBUCIÓN, ETC (PIE DE IMPRENTA)
Lugar de publicación, distribución, etc. [Madrid]
Nombre del editor, distribuidor, etc. Ministerio de Hacienda y Función Pública
-- Ministerio de Asuntos Económicos y Transformación Digital
Fecha de publicación, distribución, etc. 2023
300 ## - DESCRIPCIÓN FÍSICA
Extensión 139 p.
Dimensiones 17 cm
490 1# - MENCIÓN DE SERIE
Mención de serie Textos legales / separata del Boletín Oficial de los Ministerios de Hacienda y Función Pública y de Asuntos Económicos y Transformación Digital
Designación de volumen o secuencia 4-2023
500 ## - NOTA GENERAL
Nota general Índices
500 ## - NOTA GENERAL
Nota general Anteriormente, v.a.: Textos legales / separata del Boletín Oficial de los Ministerios de Hacienda y Función Pública y de Economía, Industria y Competitividad
541 ## - NOTA DE LA FUENTE INMEDIANTE DE ADQUISICIÓN
Forma de adquisición Gratuito
650 #4 - ASIENTO SECUNDARIO DE MATERIA--TÉRMINO DE MATERIA
Término de materia o nombre geográfico como elemento inicial impuesto sobre transmisiones patrimoniales
9 (RLIN) 31306
650 #4 - ASIENTO SECUNDARIO DE MATERIA--TÉRMINO DE MATERIA
Término de materia o nombre geográfico como elemento inicial legislación económica
9 (RLIN) 27161
650 #4 - ASIENTO SECUNDARIO DE MATERIA--TÉRMINO DE MATERIA
Término de materia o nombre geográfico como elemento inicial reglamento
9 (RLIN) 27154
650 #4 - ASIENTO SECUNDARIO DE MATERIA--TÉRMINO DE MATERIA
Término de materia o nombre geográfico como elemento inicial España
9 (RLIN) 26964
650 #4 - ASIENTO SECUNDARIO DE MATERIA--TÉRMINO DE MATERIA
Término de materia o nombre geográfico como elemento inicial Comunidades Autónomas
9 (RLIN) 30768
650 #4 - ASIENTO SECUNDARIO DE MATERIA--TÉRMINO DE MATERIA
Término de materia o nombre geográfico como elemento inicial España
9 (RLIN) 26964
650 #4 - ASIENTO SECUNDARIO DE MATERIA--TÉRMINO DE MATERIA
Término de materia o nombre geográfico como elemento inicial texto
9 (RLIN) 29624
653 10 - TÉRMINO DE INDEXACIÓN--NO CONTROLADO
Término no controlado Legislación
710 1# - ENCABEZAMIENTO SECUNDARIO--NOMBRE CORPORATIVO
Nombre de entidad o nombre de jurisdicción como elemento inicial España
Unidad subordinada Ministerio de Hacienda y Función Pública
Término indicativo de función ed.
9 (RLIN) 38369
710 1# - ENCABEZAMIENTO SECUNDARIO--NOMBRE CORPORATIVO
9 (RLIN) 39704
Nombre de entidad o nombre de jurisdicción como elemento inicial España
Unidad subordinada Ministerio de Asuntos Ecónomicos y Transformación Digital
Término indicativo de función ed.
787 0# - ENTRADA DE OTRAS ESPECIFICACIONES
Título Impuesto sobre transmisiones patrimoniales y actos jurídicos documentados
Número de control del registro relacionado (ES-MaCES)50644
830 #0 - ENCABEZAMIENTO SECUNDARIO DE COLECCIÓN--TÍTULO UNIFORME
Título uniforme Textos legales / separata del Boletín Oficial de los Ministerios de Hacienda y Función Pública y de Asuntos Económicos y Transformación Digital
Designación de volumen o secuencia 4-2023
9 (RLIN) 40158
902 ## - CES. TIPO DE DOCUMENTO
Tipodoc (006$c Sirtex) LIB Libro
942 ## - ELEMENTOS KOHA
Fuente de clasificaión o esquema Clasificación propia del CES
Koha [por defecto] tipo de item Monografías
Parte de clasificación Legislación
Existencias
Número de registro Signatura completa Tipo de item de Koha
093499 SR-6.1.-360 Monografías
© CES, Consejo Económico y Social de España 2021